| 000 | 00442nam a22001457a 4500 | ||
|---|---|---|---|
| 008 | 230522b |||||||| |||| 00| 0 eng d | ||
| 020 | _a0749434589 | ||
| 050 |
_aHF5415.123 _b.Y33 2001 |
||
| 100 | _aYadin, Daniel | ||
| 245 |
_aCreative marketing communications : _bA practical guide to planning, skills and techniques/ by _cDaniel Yadin |
||
| 250 | _a3rd ed. | ||
| 260 |
_aLondon _bKogan page _c2001 |
||
| 300 | _avi, 343p. | ||
| 942 |
_2lcc _cBK |
||
| 999 |
_c20139 _d20138 |
||